K problematice cejchování dynamometru instrumentovaného kyvadlového kladiva

Bibliographic Details
Main Authors: Vlach, Bohumil, 1906-1989 (Author), Man, Jiří (Author), Holzman, Miloslav (Author)
Format: Article
Language:Slovak
PhysicalDescription:Tb. 2. Grafy 2. Sch. 3., lit. 11 zázn. v slov., češ., ruš., angl.
Subjects:

MARC

LEADER 00000nab a2200000 a 4500
001 vtls000263008
003 SK-MaSNL
005 20260513083951.0
008 250422c1986 xo 0 slo
015 |a SNBRB19rr/mm-uuuuu 
035 |a CL0273122 
035 |a urn:nbn:sk:snk-ab6pp3 
035 |a (uuid)000d0062-8161-4ba4-b5f5-fb1e4e1fc294 
035 |a (urnnbn)urn:nbn:sk:snk:ar-005r0i 
035 |a (sysno)vtls000263008 
040 |a SNKBUCL  |b slo  |c SNKBUCL  |e AACR2 
041 0 |a slo 
044 |a xo  |c SK 
080 |a 531.781.089.6  |2 1981 
080 |a 53.089.6  |2 1981 
080 |a 620.178.2  |2 1981 
100 1 |a Vlach, Bohumil,  |d 1906-1989  |4 aut  |9 220365 
245 1 0 |a K problematice cejchování dynamometru instrumentovaného kyvadlového kladiva  |c Bohumil Vlach, Jiří Man, Miloslav Holzman 
300 |b Tb. 2. Grafy 2. Sch. 3., lit. 11 zázn. v slov., češ., ruš., angl. 
650 0 7 |a kyvadlové kladivá  |2 snkbucl  |9 1267267 
650 0 7 |a dynamometre  |2 snkbucl  |9 378249 
650 0 7 |a ciachovanie meracích prístrojov  |2 snkbucl  |9 1353427 
655 7 |a články z novín a časopisov  |2 snkbucl  |9 267496 
700 1 |a Man, Jiří  |4 aut  |9 5865 
700 1 |a Holzman, Miloslav  |4 aut  |9 1156356 
773 0 |t Zváranie  |g Roč. 35, č. 10 (1986), s. 294-298 
850 |a Slovenská národná knižnica 
852 |a Slovenská národná knižnica 
954 |a odborná, vedecká literatúra pôvodná (slovenská)  |2 lita 
958 |a article 
958 |a OND 
958 |a NB 
958 |a RK 
958 |a CZ 
958 |a EUIPO 
992 |a RBX 
999 |c 2748713  |d 2750643